000 00503nam a2200181Ia 4500
003 GCL
008 140319s9999 xx 000 0 eng d
040 _aGCL /
_cGCL
082 0 4 _aREF
_b020.3
_bK E
100 1 _aKENT,ALLEN
245 1 0 _aENCYCLOPEDIA OF LIBRARY AND INFORMATION SCIENCE /
_cKENT,ALLEN
700 1 _aHALL,CAROLXN
260 _a[S.N] :
_bMARCEL DEKKER, INC ،
_c1993
300 _a704 P
650 0 4 _aINFORMATION SCIENCE
650 0 4 _aENCYCLOPEDIAS AND DICTIONARIES
942 _2ddc
_cCR
999 _c25877
_d25877